00462 2200169 4500245008100000020002200081250001100103100002000114650002000134650001700154005001900171260004100190041001400231084001200245300002600257336000900283 aMicrosoft Excel untuk Sistem Administrasi PerdagangancWahana KomputerhText a978-602-02-3683-4 aCet. 1 aWahana Komputer aMicrosoft Excel aAdministrasi a20230331111109 aJakartabElex Media Komputindoc2014 aIndonesia a005.369 ax, 205 hlm. :c21 cm. atext